[Event "80.Camp. Veneto Quarti di Finale"]
[Site "Sottomarina ITA"]
[Date "2021.06.06"]
[Round "4.6"]
[White "Penrossa, Nicolas"]
[Black "Rossato, Armando"]
[Result "0-1"]
[WhiteElo "1698"]
[BlackElo "2061"]
[Annotator "Gabriele Ballarin"]
[PlyCount "102"]
[EventDate "2021.06.04"]
[EventType "swiss"]
[EventRounds "5"]
[EventCountry "ITA"]

1. e4 g6 2. d4 Bg7 3. Nf3 d6 4. h3 Nd7 5. Bc4 e6 6. Bg5 Bf6 7. Bf4 Bg7 8. O-O a6 9. a4 b6 10. c3 Bb7 11. Qb3 Qe7 12. Nbd2 Ngf6 13. Rfe1 O-O 14. Bd3 e5 15. Be3 Rab8 16. Qc2 Kh8 17. b4 Nh5 18. Kh2 Rbe8 19. d5 Bc8 20. c4 Nf4 21. Ng1 Nxd3 22. Qxd3 f5 23. f3 Qh4 24. g3 Qe7 25. Bf2 Nf6 26. Rac1 Bh6 27. Be3 f4 28. gxf4 Nh5 29. Ne2 Nxf4 30. Nxf4 Bxf4+ 31. Bxf4 Rxf4 32. Rg1 Rh4 33. Rg3 Rf8 34. Kg2 Rff4 35. c5 Bxh3+ 36. Kf2 Bd7 37. cxb6 cxb6 38. Nf1 Rh1 39. Rc7 Qd8 40. Qc3 Rf8 41. Kg2 Rh4 42. a5 bxa5 43. bxa5 Rhf4 44. Nh2 R4f7 45. Rc4 Bb5 46. Rb4 Rc7 47. Qd2 Qe7 48. Rb2 Rfc8 49. Ng4 Rc1 50. Nf2 Qh4 51. Nd1 Bf1+ 0-1

[Event "80.Camp. Veneto Quarti di Finale"]
[Site "Sottomarina ITA"]
[Date "2021.06.06"]
[Round "4.7"]
[White "Candian, Lorenzo"]
[Black "Bordin, Silvia"]
[Result "0-1"]
[WhiteElo "1976"]
[BlackElo "1941"]
[Annotator "Gabriele Ballarin"]
[PlyCount "74"]
[EventDate "2021.06.04"]
[EventType "swiss"]
[EventRounds "5"]
[EventCountry "ITA"]

1. e4 e5 2. Nf3 Nc6 3. Bb5 a6 4. Ba4 Nf6 5. Nc3 b5 6. Bb3 Bc5 7. Nd5 d6 8. c3 Ba7 9. d4 h6 10. a4 O-O 11. axb5 axb5 12. Nxf6+ Qxf6 13. Bd5 Bb7 14. g4 Nxd4 15. cxd4 Bxd5 16. g5 hxg5 17. dxe5 dxe5 18. Bxg5 Qd6 19. Qxd5 Qb4+ 20. Bd2 Qxb2 21. Qxe5 Bd4 22. Qh5 Rxa1+ 23. Ke2 Bf6 24. Rxa1 Qxa1 25. Qxb5 Ra8 26. e5 Be7 27. Qd7 Qa6+ 28. Ke1 Qc4 29. Qd4 Qc2 30. Kf1 Rd8 31. Qf4 Qd3+ 32. Kg2 Qg6+ 33. Kf1 Rb8 34. h4 Rb1+ 35. Ke2 Qa6+ 36. Ke3 Rb3+ 37. Kd4 Qd3# 0-1

[Event "80.Camp. Veneto Quarti di Finale"]
[Site "Sottomarina ITA"]
[Date "2021.06.06"]
[Round "4.8"]
[White "Brotto, Alessandro"]
[Black "Ballarin, Gabriele"]
[Result "1-0"]
[WhiteElo "2042"]
[BlackElo "1831"]
[Annotator "Gabriele Ballarin"]
[PlyCount "75"]
[EventDate "2021.06.04"]
[EventType "swiss"]
[EventRounds "5"]
[EventCountry "ITA"]

1. e4 d6 2. d4 Nf6 3. Nc3 e5 4. Nf3 Nbd7 5. Bc4 Be7 6. O-O c6 7. Re1 O-O 8. a4 a5 9. h3 h6 10. Be3 Re8 11. Qd2 g5 12. Rad1 Nh5 13. dxe5 dxe5 14. Qe2 Nf4 15. Bxf4 exf4 16. Ne5 Nxe5 17. Rxd8 Rxd8 18. Bb3 f3 19. Qe3 fxg2 20. Kxg2 Ng6 21. e5 Nf4+ 22. Kg3 Bf5 23. h4 Kg7 24. Kh2 Rd7 25. Rg1 Ng6 26. hxg5 hxg5 27. Rxg5 Rh8+ 28. Kg1 Bh3 29. Rg3 Be6 30. Bxe6 fxe6 31. Ne2 Rd1+ 32. Kg2 Rdh1 33. Nf4 R1h2+ 34. Kf1 R2h6 35. Qd3 Rd8 36. Rxg6+ Kf7 37. Qxd8 Rxg6 38. Qxe7+ 1-0

[Event "80.Camp. Veneto Quarti di Finale"]
[Site "Sottomarina ITA"]
[Date "2021.06.06"]
[Round "4.9"]
[White "Desideri, Alessandro"]
[Black "Fiolo, Costanza"]
[Result "1-0"]
[WhiteElo "1863"]
[BlackElo "1679"]
[Annotator "Gabriele Ballarin"]
[PlyCount "117"]
[EventDate "2021.06.04"]
[EventType "swiss"]
[EventRounds "5"]
[EventCountry "ITA"]

1. Nf3 Nf6 2. d4 g6 3. Nc3 d5 4. Bf4 Bg7 5. e3 a6 6. Be2 O-O 7. Ne5 Be6 8. h4 h6 9. g4 Nfd7 10. Qd2 Nxe5 11. Bxe5 Nd7 12. Bxg7 Kxg7 13. O-O-O Nf6 14. f3 Qd6 15. Rdg1 c5 16. g5 hxg5 17. hxg5 Nh5 18. f4 Rh8 19. Bf3 Rad8 20. Rh4 Bf5 21. Nxd5 e6 22. dxc5 Qxc5 23. Qc3+ Qxc3 24. Nxc3 b5 25. e4 b4 26. Ne2 Bxe4 27. Bxe4 Ng3 28. Rxg3 Rxh4 29. c3 bxc3 30. Rxc3 Rhh8 31. a4 Rc8 32. Kc2 Rxc3+ 33. Kxc3 Rb8 34. b4 Kf8 35. Nd4 Rc8+ 36. Bc6 Ke7 37. b5 axb5 38. axb5 Kd6 39. Nf3 Rc7 40. Ne5 Kc5 41. Nd3+ Kb6 42. Kd4 Ra7 43. Ke5 Ra3 44. Nf2 Ra2 45. Ne4 Ra1 46. Nd2 Ra4 47. Ne4 Ra1 48. Be8 Rf1 49. Bxf7 Kxb5 50. Bxg6 Kc6 51. Bf7 Kd7 52. Bxe6+ Ke7 53. f5 Rg1 54. g6 Ra1 55. f6+ Ke8 56. Nd6+ Kd8 57. f7 Re1+ 58. Ne4 Kc7 59. f8=Q 1-0

[Event "80.Camp. Veneto Quarti di Finale"]
[Site "Sottomarina ITA"]
[Date "2021.06.06"]
[Round "4.10"]
[White "Marson, Luca"]
[Black "Belloni, Umberto"]
[Result "0-1"]
[WhiteElo "1831"]
[BlackElo "1619"]
[Annotator "Gabriele Ballarin"]
[PlyCount "138"]
[EventDate "2021.06.04"]
[EventType "swiss"]
[EventRounds "5"]
[EventCountry "ITA"]

1. e4 e6 2. b3 d5 3. Bb2 dxe4 4. Nc3 Nf6 5. Qe2 b6 6. Nxe4 Nxe4 7. Qxe4 Qd5 8. Qg4 Nc6 9. Bc4 Qf5 10. Qxf5 exf5 11. Nf3 Na5 12. Bb5+ c6 13. Bd3 f6 14. Nh4 f4 15. Bf5 Kf7 16. O-O-O g6 17. Bxc8 Rxc8 18. d4 Rd8 19. Rhe1 Bd6 20. Nf3 Rhe8 21. h3 Re7 22. Rxe7+ Bxe7 23. c4 Nb7 24. Kc2 h5 25. Re1 g5 26. Re2 a5 27. Bc3 c5 28. d5 Nd6 29. a4 Rd7 30. Kd3 Kg6 31. Re6 Kf7 32. Nd2 Bd8 33. Ne4 Nxe4 34. Kxe4 Re7 35. Kf5 Rxe6 36. dxe6+ Kg7 37. f3 h4 38. Ke4 Kf8 39. Kd5 Ke7 40. Bb2 Bc7 41. Kc6 Bd8 42. Bxf6+ Kxf6 43. Kd7 Be7 44. Kc7 Kxe6 45. Kxb6 Kd7 46. Kxa5 Kc6 47. Ka6 Bd8 48. Ka7 Bc7 49. Ka6 Bb6 50. a5 Bc7 51. Ka7 Bxa5 52. Kb8 Kd7 53. Kb7 Bd8 54. Ka6 Kc6 55. Ka7 Be7 56. Ka6 Bd8 57. Ka7 Be7 58. Ka6 Bf8 59. Ka5 Kd6 60. b4 cxb4 61. Kxb4 Bg7 62. Kb5 Bd4 63. Kb4 Bf6 64. Kb5 Ke5 65. c5 Kd4 66. c6 Be5 67. Kb4 Bc7 68. Kb3 Kd3 69. Kb4 Ke3 0-1

[Event "80.Camp. Veneto Quarti di Finale"]
[Site "Sottomarina ITA"]
[Date "2021.06.06"]
[Round "4.11"]
[White "Mattarella, Pietro"]
[Black "Marson, Roy"]
[Result "1/2-1/2"]
[WhiteElo "1721"]
[BlackElo "1756"]
[Annotator "Gabriele Ballarin"]
[PlyCount "105"]
[EventDate "2021.06.04"]
[EventType "swiss"]
[EventRounds "5"]
[EventCountry "ITA"]

1. d4 Nf6 2. c4 g6 3. Nc3 Bg7 4. e4 d6 5. Be2 O-O 6. Bg5 Nbd7 7. Nf3 c5 8. d5 a6 9. a4 Qb6 10. Qd2 Re8 11. a5 Qc7 12. O-O Rb8 13. Ra2 e6 14. dxe6 Rxe6 15. Bd3 b6 16. axb6 Qxb6 17. Rb1 Qb7 18. Bc2 Nb6 19. b3 Ng4 20. h3 Ne5 21. Nxe5 Bxe5 22. Ne2 Qc6 23. Rd1 Bb7 24. Nf4 Ree8 25. Nd5 Nxd5 26. exd5 Qb6 27. h4 Bc8 28. Be3 Qc7 29. h5 Qe7 30. Bg5 Bf6 31. Bxf6 Qxf6 32. Re1 Bb7 33. Re3 Re5 34. hxg6 hxg6 35. Rf3 Qg7 36. Qf4 Rbe8 37. Bd3 Re1+ 38. Bf1 R8e5 39. Qf6 Qxf6 40. Rxf6 Rb1 41. Rxd6 Ree1 42. Rb6 Rxf1+ 43. Kh2 Rh1+ 44. Kg3 Bc8 45. Rb8 Kg7 46. Rxc8 Rxb3+ 47. f3 Rc1 48. Rxc5 Rb4 49. Rxa6 Rcxc4 50. Rca5 Rd4 51. Rc5 Rb3 52. d6 Rbd3 53. Rcc6 1/2-1/2

[Event "80.Camp. Veneto Quarti di Finale"]
[Site "Sottomarina ITA"]
[Date "2021.06.06"]
[Round "4.12"]
[White "Serea, Gabriele"]
[Black "Renier, Renzo"]
[Result "0-1"]
[WhiteElo "1667"]
[BlackElo "1922"]
[Annotator "Gabriele Ballarin"]
[PlyCount "104"]
[EventDate "2021.06.04"]
[EventType "swiss"]
[EventRounds "5"]
[EventCountry "ITA"]

1. e4 e5 2. Nf3 Nc6 3. Bc4 Bc5 4. c3 Nf6 5. d3 d6 6. h3 h6 7. O-O a6 8. a4 O-O 9. Nbd2 Ba7 10. Re1 Be6 11. Bb3 Qd7 12. Bxe6 Qxe6 13. Nf1 Rad8 14. Ng3 d5 15. Qb3 Bb6 16. exd5 Qxd5 17. Qxd5 Rxd5 18. Be3 Bxe3 19. Rxe3 Rfd8 20. Rae1 Rxd3 21. Rxd3 Rxd3 22. Nxe5 Nxe5 23. Rxe5 Kf8 24. Kf1 Nd5 25. Re4 Rd1+ 26. Re1 Rd2 27. Re2 Rd1+ 28. Re1 Rxe1+ 29. Kxe1 Nf4 30. Kf1 Ke7 31. Ne2 Nd3 32. b4 a5 33. bxa5 Nb2 34. Nd4 Nxa4 35. c4 g6 36. Ke2 Kd6 37. Nb5+ Kc6 38. Kd3 Nc5+ 39. Kc3 Kd7 40. f3 Ne6 41. h4 Nf4 42. g4 Ng2 43. Nd4 Nxh4 44. Kb4 Ng2 45. Kb5 h5 46. c5 c6+ 47. Nxc6 bxc6+ 48. Kb6 Kc8 49. a6 Kb8 50. a7+ Ka8 51. Kxc6 Nf4 52. Kb6 h4 0-1

[Event "80.Camp. Veneto Quarti di Finale"]
[Site "Sottomarina ITA"]
[Date "2021.06.06"]
[Round "4.13"]
[White "Rosina, Graziano"]
[Black "Rigo, Gianfrancesco"]
[Result "1-0"]
[WhiteElo "1755"]
[BlackElo "1876"]
[Annotator "Gabriele Ballarin"]
[PlyCount "137"]
[EventDate "2021.06.04"]
[EventType "swiss"]
[EventRounds "5"]
[EventCountry "ITA"]

1. Nf3 Nf6 2. d4 e6 3. Bf4 c5 4. c3 Nc6 5. e3 Be7 6. Nbd2 Nh5 7. Bg3 Nxg3 8. hxg3 d5 9. Bd3 Qb6 10. Rb1 Bd7 11. dxc5 Bxc5 12. Nb3 Bd6 13. Nfd4 Ne5 14. Bc2 g6 15. Nd2 Qa6 16. a3 Nd3+ 17. Bxd3 Qxd3 18. Qc2 Qxc2 19. Nxc2 e5 20. Nb4 Be6 21. Nf3 a5 22. Nc2 f6 23. Rd1 O-O-O 24. Rh4 Bf5 25. Rd2 Bc7 26. a4 h5 27. Na3 g5 28. Rh1 Be4 29. Ke2 Bb6 30. Nb5 Kb8 31. Ne1 Rh7 32. f3 Bg6 33. Nc2 f5 34. Rhd1 f4 35. gxf4 gxf4 36. e4 h4 37. Rxd5 Rxd5 38. Rxd5 h3 39. gxh3 Bf7 40. Rxe5 Rxh3 41. Ncd4 Bc4+ 42. Ke1 Rh1+ 43. Kd2 Rh2+ 44. Ke1 Rh1+ 45. Kf2 Rh2+ 46. Kg1 Rh8 47. Nd6 Rf8 48. Kf2 Bb3 49. Re7 Bc7 50. Rxc7 Kxc7 51. N6b5+ Kb6 52. Nxb3 Rh8 53. Nd2 Rh2+ 54. Ke1 Kc5 55. Kd1 Rh7 56. Kc2 Rh2 57. Kd3 b6 58. Nb3+ Kc6 59. N3d4+ Kd7 60. b3 Rh1 61. Kc4 Re1 62. Kd5 Rh1 63. Ke5 Rh5+ 64. Kxf4 Ke7 65. e5 Rh8 66. Ke4 Rh1 67. Kd5 Rd1 68. Kc6 Re1 69. e6 1-0

[Event "80.Camp. Veneto Quarti di Finale"]
[Site "Sottomarina ITA"]
[Date "2021.06.06"]
[Round "4.15"]
[White "Desideri, Leonardo"]
[Black "Corti, Lorenzo"]
[Result "1-0"]
[WhiteElo "1793"]
[BlackElo "1516"]
[Annotator "Gabriele Ballarin"]
[PlyCount "35"]
[EventDate "2021.06.04"]
[EventType "swiss"]
[EventRounds "5"]
[EventCountry "ITA"]

1. d4 d5 2. Bf4 Nf6 3. e3 e6 4. Nf3 c5 5. c3 Nc6 6. Nbd2 b6 7. Bb5 Bd7 8. Qe2 Be7 9. Ba6 Bc8 10. Bd3 O-O 11. h4 g6 12. Bh6 Nh5 13. Bxf8 Bxf8 14. g4 c4 15. Bxg6 fxg6 16. gxh5 gxh5 17. Ng5 e5 18. Qxh5 1-0

[Event "80.Camp. Veneto Quarti di Finale"]
[Site "Sottomarina ITA"]
[Date "2021.06.06"]
[Round "4.16"]
[White "Roveroni, Silvia"]
[Black "Pieropan, Giorgio"]
[Result "0-1"]
[WhiteElo "999"]
[BlackElo "1782"]
[Annotator "Gabriele Ballarin"]
[PlyCount "112"]
[EventDate "2021.06.04"]
[EventType "swiss"]
[EventRounds "5"]
[EventCountry "ITA"]

1. e4 e5 2. Nf3 Nc6 3. d4 exd4 4. Nxd4 Nf6 5. Nc3 Bb4 6. Bd2 Nxd4 7. Bc4 O-O 8. O-O d6 9. h3 c6 10. Re1 Re8 11. a3 Ba5 12. b4 Bb6 13. Bg5 h6 14. Bh4 Be6 15. Bxe6 Rxe6 16. Qd3 Qe8 17. a4 a6 18. Kf1 g5 19. Bg3 Rd8 20. f3 Nh5 21. Bh2 Qf8 22. Ne2 Nxe2 23. Rxe2 Nf4 24. Bxf4 gxf4 25. Rd1 Qg7 26. g4 fxg3 27. Kg2 h5 28. c4 h4 29. Rc1 Rde8 30. c5 Bc7 31. Rce1 dxc5 32. bxc5 Qe5 33. Rc1 Bb8 34. a5 Ba7 35. f4 Qxf4 36. Rf1 Qe5 37. Qf3 Qg7 38. Rc1 Rf6 39. Qg4 Qxg4 40. hxg4 Rf4 41. Ree1 Rxg4 42. Kh3 Rgxe4 43. Rxe4 Rxe4 44. Rd1 Bxc5 45. Rd8+ Kg7 46. Rd7 b6 47. axb6 Bxb6 48. Rd6 Rc4 49. Rd1 a5 50. Ra1 a4 51. Rb1 Bc5 52. Rd1 a3 53. Rd2 Rb4 54. Rc2 Be3 55. Kg2 Rb2 56. Rxb2 axb2 0-1

[Event "80.Camp. Veneto Quarti di Finale"]
[Site "Sottomarina ITA"]
[Date "2021.06.06"]
[Round "4.18"]
[White "Cecchetto, Vanni"]
[Black "Crestani, Dario"]
[Result "1-0"]
[WhiteElo "1752"]
[BlackElo "1452"]
[Annotator "Gabriele Ballarin"]
[PlyCount "87"]
[EventDate "2021.06.04"]
[EventType "swiss"]
[EventRounds "5"]
[EventCountry "ITA"]

1. d4 d5 2. c4 Nc6 3. e3 Nf6 4. cxd5 Nxd5 5. Nc3 Nxc3 6. bxc3 e5 7. d5 Nb8 8. e4 Bd6 9. Bb5+ Bd7 10. a4 O-O 11. Ne2 c6 12. Bd3 cxd5 13. exd5 f5 14. O-O Qc7 15. Ba3 Bxa3 16. Rxa3 Qc5 17. Qb3 Na6 18. Bb5 Qd6 19. Bxd7 Qxd7 20. d6+ Kh8 21. Rd1 Nc5 22. Qd5 Rac8 23. c4 Nxa4 24. Rda1 Nb6 25. Qd3 Nxc4 26. Rxa7 Qxd6 27. Qb3 Rfd8 28. Nc3 Qc6 29. Rxb7 Nd2 30. Qf7 Qg6 31. Nb5 Qxf7 32. Rxf7 g6 33. h3 Ra8 34. Re1 e4 35. Nc7 Ra7 36. Rc1 Rc8 37. Rd7 Nb3 38. Rc6 Na5 39. Rc3 Rb7 40. Ne6 Rb1+ 41. Kh2 Re8 42. Rcc7 Rxe6 43. Rc8+ Re8 44. Rxe8# 1-0

[Event "80.Camp. Veneto Quarti di Finale"]
[Site "Sottomarina ITA"]
[Date "2021.06.06"]
[Round "4.19"]
[White "Zanatta, Domenico"]
[Black "Bonetti, Alberto"]
[Result "1/2-1/2"]
[WhiteElo "1198"]
[BlackElo "1386"]
[Annotator "Gabriele Ballarin"]
[PlyCount "56"]
[EventDate "2021.06.04"]
[EventType "swiss"]
[EventRounds "5"]
[EventCountry "ITA"]

1. e4 c5 2. Nf3 d6 3. d4 cxd4 4. Nxd4 Nf6 5. Nc3 g6 6. Be3 Bg7 7. Be2 a6 8. Nf3 b5 9. e5 Ng4 10. exd6 Nxe3 11. fxe3 Bb7 12. dxe7 Qxe7 13. Kf2 O-O 14. Qd2 Re8 15. Rhe1 Nd7 16. Bd3 Ne5 17. Rad1 Nxf3 18. gxf3 Qh4+ 19. Kg1 Bxf3 20. Qf2 Qxf2+ 21. Kxf2 Bxd1 22. Nxd1 Kf8 23. Kf3 b4 24. Bc4 f5 25. Re2 Rad8 26. Nf2 a5 27. Nd3 Re4 28. b3 Rc8 1/2-1/2

[Event "80.Camp. Veneto Quarti di Finale"]
[Site "Sottomarina ITA"]
[Date "2021.06.06"]
[Round "4.20"]
[White "Passon, Stefano"]
[Black "Le Van, Alessandro"]
[Result "0-1"]
[WhiteElo "1765"]
[BlackElo "1550"]
[Annotator "Gabriele Ballarin"]
[PlyCount "92"]
[EventDate "2021.06.04"]
[EventType "swiss"]
[EventRounds "5"]
[EventCountry "ITA"]

1. d4 d5 2. Nf3 Nf6 3. e3 e6 4. Bd3 Bd6 5. Nbd2 Nbd7 6. b3 e5 7. dxe5 Nxe5 8. Be2 Bg4 9. Bb2 Qe7 10. Nd4 Bd7 11. Nb5 Bxb5 12. Bxb5+ c6 13. Be2 O-O 14. O-O Rad8 15. a3 Rfe8 16. c3 Ng6 17. Qc2 Ne4 18. Nf3 Ne5 19. c4 Nxf3+ 20. Bxf3 dxc4 21. Bxe4 Qxe4 22. Qxc4 Qxc4 23. bxc4 Be5 24. Bxe5 Rxe5 25. Rfd1 Ree8 26. Kf1 Kf8 27. Ke2 Ke7 28. Rd3 Rxd3 29. Kxd3 Rd8+ 30. Kc3 Rd6 31. Ra2 Kd7 32. Rb2 Kc7 33. a4 Rd1 34. e4 b6 35. Re2 Kd6 36. Rc2 Kc5 37. f3 Rd4 38. Kb3 Rd3+ 39. Kb2 Kb4 40. c5 bxc5 41. Kb1 c4 42. h3 c3 43. Kc1 Kxa4 44. Ra2+ Kb3 45. Rxa7 c2 46. Rb7+ Kc3 0-1

[Event "80.Camp. Veneto Quarti di Finale"]
[Site "Sottomarina ITA"]
[Date "2021.06.06"]
[Round "5.1"]
[White "Barp, Alberto"]
[Black "Basso, Pier Luigi"]
[Result "1/2-1/2"]
[WhiteElo "2367"]
[BlackElo "2550"]
[Annotator "Gabriele Ballarin"]
[PlyCount "26"]
[EventDate "2021.06.04"]
[EventType "swiss"]
[EventRounds "5"]
[EventCountry "ITA"]

1. d4 d5 2. c4 c5 3. cxd5 Qxd5 4. Nf3 cxd4 5. Nc3 Qa5 6. Nxd4 Nf6 7. g3 e5 8. Nb3 Qc7 9. Bg2 Bb4 10. Bd2 O-O 11. O-O Rd8 12. Qc1 Qe7 13. Bg5 Be6 1/2-1/2

[Event "80.Camp. Veneto Quarti di Finale"]
[Site "Sottomarina ITA"]
[Date "2021.06.06"]
[Round "5.2"]
[White "Lodici, Lorenzo"]
[Black "Pasin, Mattia"]
[Result "1-0"]
[WhiteElo "2487"]
[BlackElo "1921"]
[Annotator "Gabriele Ballarin"]
[PlyCount "41"]
[EventDate "2021.06.04"]
[EventType "swiss"]
[EventRounds "5"]
[EventCountry "ITA"]

1. e4 c5 2. Be2 Nc6 3. d3 e6 4. f4 Nge7 5. Nf3 b6 6. c3 Bb7 7. a3 Ng6 8. b4 d5 9. O-O Be7 10. g3 d4 11. b5 Na5 12. c4 Bc8 13. h4 Nb7 14. e5 f5 15. h5 Nf8 16. g4 fxg4 17. Nfd2 Bh4 18. Ne4 g5 19. fxg5 Nd7 20. Bf4 Qc7 21. Bxg4 1-0

[Event "80.Camp. Veneto Quarti di Finale"]
[Site "Sottomarina ITA"]
[Date "2021.06.06"]
[Round "5.3"]
[White "Toniolo, Samuel"]
[Black "Doric, Senad"]
[Result "0-1"]
[WhiteElo "2021"]
[BlackElo "2068"]
[Annotator "Gabriele Ballarin"]
[PlyCount "72"]
[EventDate "2021.06.04"]
[EventType "swiss"]
[EventRounds "5"]
[EventCountry "ITA"]

1. e4 e5 2. Nf3 Nc6 3. Nc3 d6 4. Bb5 Nf6 5. d4 exd4 6. Nxd4 Bd7 7. O-O Nxd4 8. Bxd7+ Nxd7 9. Qxd4 Qf6 10. Qb4 Rb8 11. Qa5 c6 12. Qxa7 Be7 13. Be3 O-O 14. Qd4 Qe6 15. Rfd1 Rfd8 16. Qd2 Ne5 17. b3 Qg6 18. Kh1 f5 19. exf5 Qxf5 20. Ne2 d5 21. Ng3 Qg6 22. Bb6 Rd7 23. Qf4 Bd6 24. Qf5 Qe8 25. c4 Rf7 26. Qh5 Qe6 27. Qe2 Re8 28. cxd5 cxd5 29. Qb5 Ng4 30. Kg1 Be5 31. Rac1 d4 32. Bxd4 Bxd4 33. Rxd4 Nxf2 34. Rd6 Qe3 35. Qc5 Nh3+ 36. Kh1 Qe1+ 0-1

[Event "80.Camp. Veneto Quarti di Finale"]
[Site "Sottomarina ITA"]
[Date "2021.06.06"]
[Round "5.4"]
[White "Rossato, Armando"]
[Black "Bordin, Silvia"]
[Result "0-1"]
[WhiteElo "2061"]
[BlackElo "1941"]
[Annotator "Gabriele Ballarin"]
[PlyCount "96"]
[EventDate "2021.06.04"]
[EventType "swiss"]
[EventRounds "5"]
[EventCountry "ITA"]

1. d4 d5 2. Nf3 e6 3. e3 c6 4. Bd3 f5 5. O-O Bd6 6. c4 Nf6 7. Nc3 O-O 8. Bd2 Ne4 9. Ne5 Nd7 10. f4 Ndf6 11. Rf3 Bd7 12. Be1 Be8 13. Rh3 Be7 14. Rc1 Nd7 15. Be2 Nxe5 16. Nxe4 Nxc4 17. Bxc4 fxe4 18. Be2 g5 19. Bg4 gxf4 20. Bxe6+ Kh8 21. exf4 Qd6 22. f5 Bg5 23. Rcc3 Bf7 24. Qg4 Qf4 25. Qxf4 Bxf4 26. Bh4 Bxe6 27. fxe6 Bd6 28. Rb3 b6 29. Bg5 Rf5 30. Be3 Rf6 31. Rc3 Rxe6 32. g3 Rc8 33. Rh5 Rc7 34. Rf5 Kg7 35. a3 h6 36. b4 Kg6 37. g4 Rf7 38. Kg2 Rxf5 39. gxf5+ Kxf5 40. Rxc6 Rg6+ 41. Kh1 h5 42. Rc8 Kg4 43. Rc3 Kf3 44. b5 Bf4 45. Bg1+ e3 46. a4 Ke4 47. a5 Kxd4 48. axb6 axb6 0-1

[Event "80.Camp. Veneto Quarti di Finale"]
[Site "Sottomarina ITA"]
[Date "2021.06.06"]
[Round "5.5"]
[White "Cappelletto, Joshuaede"]
[Black "Desideri, Alessandro"]
[Result "1/2-1/2"]
[WhiteElo "2206"]
[BlackElo "1863"]
[Annotator "Gabriele Ballarin"]
[PlyCount "69"]
[EventDate "2021.06.04"]
[EventType "swiss"]
[EventRounds "5"]
[EventCountry "ITA"]

1. e4 g6 2. d4 Bg7 3. Nc3 d6 4. Be3 a6 5. f3 Nd7 6. h4 h6 7. Qd2 b5 8. O-O-O e6 9. Kb1 Bb7 10. d5 Ne5 11. Bd4 Nf6 12. f4 Ned7 13. dxe6 fxe6 14. e5 dxe5 15. fxe5 Nh7 16. Bd3 Nhf8 17. Ne4 Qe7 18. Qc3 Rc8 19. Nc5 b4 20. Qxb4 Bxg2 21. Rh2 Bd5 22. Qc3 Nb6 23. Nxa6 c5 24. Bxc5 Qb7 25. Qb4 Bxe5 26. Rf2 Nbd7 27. Bxf8 Nxf8 28. Rxf8+ Rxf8 29. Bxg6+ Rf7 30. Rf1 Bxa2+ 31. Ka1 Qxa6 32. Bxf7+ Kd7 33. Rd1+ Bd5+ 34. Kb1 Qa2+ 35. Kc1 1/2-1/2

[Event "80.Camp. Veneto Quarti di Finale"]
[Site "Sottomarina ITA"]
[Date "2021.06.06"]
[Round "5.6"]
[White "Belloni, Umberto"]
[Black "Simonetto, Alessio"]
[Result "0-1"]
[WhiteElo "1619"]
[BlackElo "2114"]
[Annotator "Gabriele Ballarin"]
[PlyCount "50"]
[EventDate "2021.06.04"]
[EventType "swiss"]
[EventRounds "5"]
[EventCountry "ITA"]

1. d4 d5 2. Bf4 Nf6 3. c3 e6 4. Bg5 c5 5. e3 Nbd7 6. Bxf6 Nxf6 7. Nd2 Bd6 8. f4 cxd4 9. cxd4 O-O 10. Bd3 Bd7 11. Ngf3 Qa5 12. O-O Bb5 13. Qe2 Bxd3 14. Qxd3 Rfc8 15. a3 Qc7 16. Ne1 a5 17. h3 b5 18. g4 b4 19. Nef3 Qc2 20. Qxc2 Rxc2 21. axb4 Bxb4 22. Rf2 Rxb2 23. g5 Ne8 24. Nb1 Rb3 25. Nbd2 Rxe3 0-1

[Event "80.Camp. Veneto Quarti di Finale"]
[Site "Sottomarina ITA"]
[Date "2021.06.06"]
[Round "5.8"]
[White "Pieropan, Giorgio"]
[Black "Candian, Lorenzo"]
[Result "1-0"]
[WhiteElo "1782"]
[BlackElo "1976"]
[Annotator "Gabriele Ballarin"]
[PlyCount "64"]
[EventDate "2021.06.04"]
[EventType "swiss"]
[EventRounds "5"]
[EventCountry "ITA"]

1. e4 c5 2. Nf3 d6 3. Bb5+ Bd7 4. Bxd7+ Qxd7 5. O-O Nc6 6. c4 g6 7. d4 cxd4 8. Nxd4 Bg7 9. Be3 Nf6 10. Nc3 Ng4 11. Nc2 Nxe3 12. Nxe3 O-O 13. c5 Rfd8 14. cxd6 Qxd6 15. Qxd6 Rxd6 16. Rfd1 Nd4 17. Kf1 Rad8 18. Rac1 e6 19. f3 Bh6 20. Re1 b5 21. Kf2 b4 22. Ne2 b3 23. Nxd4 Rxd4 24. axb3 Rd2+ 25. Kg3 Rxb2 26. Rc7 Rdd2 27. Ng4 Rxg2+ 28. Kh3 Bf4 29. Rc8+ Kg7 30. e5 Rxh2+ 31. Nxh2 Rxh2+ 32. Kg4 g5 1-0

[Event "80.Camp. Veneto Quarti di Finale"]
[Site "Sottomarina ITA"]
[Date "2021.06.06"]
[Round "5.9"]
[White "Marson, Roy"]
[Black "Vizireanu, Dragos"]
[Result "0-1"]
[WhiteElo "1756"]
[BlackElo "1937"]
[Annotator "Gabriele Ballarin"]
[PlyCount "126"]
[EventDate "2021.06.04"]
[EventType "swiss"]
[EventRounds "5"]
[EventCountry "ITA"]

1. e4 c5 2. Nf3 d6 3. d4 cxd4 4. Nxd4 Nf6 5. Nc3 a6 6. h3 e6 7. g4 Be7 8. Bg2 Nc6 9. Be3 Rb8 10. O-O O-O 11. Qe2 Nxd4 12. Bxd4 b5 13. e5 Nd5 14. Nxd5 exd5 15. Bxd5 dxe5 16. Qxe5 Bf6 17. Qxb8 Qxd5 18. Bxf6 Bb7 19. Qh2 gxf6 20. c3 Re8 21. f3 Re3 22. Qf2 Rd3 23. Rae1 Qg5 24. Qg3 Bc6 25. Re2 Kg7 26. Kg2 Qd5 27. a3 Qc4 28. Ref2 a5 29. Re1 h6 30. h4 Rd5 31. Re4 Qc5 32. Qf4 Rd6 33. Rd4 Re6 34. Rfd2 Re1 35. Qf5 Qe7 36. Qc2 Bxf3+ 37. Kg3 Qe5+ 38. Rf4 Re3 39. Kf2 Be4 40. Rxe4 Qg3+ 41. Kf1 Qf3+ 42. Kg1 Rxe4 43. Rg2 Re1+ 44. Kh2 Qf4+ 45. Rg3 Qf1 46. Rg2 Qh1+ 47. Kg3 Re3+ 48. Kf4 Re1 49. h5 Qh4 50. Qf2 Qg5+ 51. Kg3 Qe5+ 52. Kh3 Re3+ 53. Rg3 Re1 54. Rg1 Re2 55. Qg3 Re3 56. Qxe3 Qxe3+ 57. Rg3 Qc1 58. Rg2 f5 59. gxf5+ Kf6 60. Kh4 Qf4+ 61. Kh3 Qxf5+ 62. Kh4 Qf4+ 63. Kh3 Qf3+ 0-1

[Event "80.Camp. Veneto Quarti di Finale"]
[Site "Sottomarina ITA"]
[Date "2021.06.06"]
[Round "5.10"]
[White "Renier, Renzo"]
[Black "Penrossa, Nicolas"]
[Result "0-1"]
[WhiteElo "1922"]
[BlackElo "1698"]
[Annotator "Gabriele Ballarin"]
[PlyCount "138"]
[EventDate "2021.06.04"]
[EventType "swiss"]
[EventRounds "5"]
[EventCountry "ITA"]

1. e4 e6 2. d4 d5 3. Nd2 Nf6 4. e5 Nfd7 5. Bd3 c5 6. c3 Nc6 7. Ne2 Qb6 8. Nf3 cxd4 9. cxd4 f6 10. exf6 Nxf6 11. O-O Bd6 12. Nc3 O-O 13. Re1 Kh8 14. Na4 Qc7 15. a3 Bd7 16. h3 Rae8 17. Be3 e5 18. dxe5 Nxe5 19. Nxe5 Bxe5 20. Rc1 Bc6 21. b4 d4 22. Bg5 Bf4 23. Rc5 Bxg5 24. Rxe8 Rxe8 25. b5 Qa5 26. Kh2 Bf4+ 27. g3 Re1 28. bxc6 Rxd1 29. Rxa5 Bc7 30. cxb7 Rxd3 31. Nc5 Rc3 32. Na6 Bd6 33. Rb5 Kg8 34. b8=Q+ Bxb8 35. Rxb8+ Kf7 36. Rd8 Rxa3 37. Nb4 a5 38. Nc6 d3 39. Ne5+ Ke7 40. Rd4 Ra2 41. Kg2 a4 42. Nxd3 Rd2 43. Kf3 a3 44. Ke3 a2 45. Ra4 Rd1 46. Rxa2 Nd5+ 47. Kf3 Rxd3+ 48. Kg2 Nf6 49. Ra7+ Rd7 50. Ra2 Ke6 51. Kf3 Kf5 52. Ra4 Ke5 53. Rb4 g6 54. Ra4 Rb7 55. Ra5+ Nd5 56. Ra2 Rf7+ 57. Kg2 Kd4 58. Re2 Nc3 59. Re8 Ne4 60. Rd8+ Kc5 61. f4 Nf6 62. Rd1 Nd5 63. Rc1+ Kd6 64. Rd1 h5 65. h4 Re7 66. Kf2 Ke6 67. Kf3 Nf6 68. Ra1 Rd7 69. Ra2 Rd3+ 0-1